000 00513nam a2200169 a 4500
001 000037677
005 20201002031112.0
008 121115s2012 dr 000 0 spa d
020 _a9789945882704
040 _aDO-SdBNP
_bspa
_cBNPHU
082 _axxx
_bxxx
100 1 _aRoa, Wilson
_d1973-
_964137
245 1 3 _aEl falso cirineo :
_bdrama en un acto /
_cWilson Roa.
260 _aSanto Domingo :
_bBúho,
_c2012.
300 _a49 p. ;
_c21 cm.
500 _aIncluye datos biográficos del autor en la contraportada
999 _c37167
_d37167